[Event "High League 2022 women"]
[Site "Obninsk"]
[Date "2022.07.04"]
[Round "8.3"]
[White "Yakimova, Mariya"]
[Black "Girya, Olga"]
[Result "1/2-1/2"]
[LiveChessVersion "1.4.7"]
[BlackElo "2407"]
[WhiteElo "2201"]

1. d4 {[%clk 1:30:55]} Nf6 {[%clk 1:28:03]} 2. c4 {[%clk 1:31:20]} b6
{[%clk 1:28:22]} 3. Nc3 {[%clk 1:29:11]} Bb7 {[%clk 1:26:45]} 4. d5
{[%clk 1:26:12]} e6 {[%clk 1:27:00]} 5. a3 {[%clk 1:26:34]} Bd6 {[%clk 1:27:09]}
6. Nf3 {[%clk 1:26:41]} O-O {[%clk 1:27:15]} 7. e4 {[%clk 1:13:09]} exd5
{[%clk 1:27:16]} 8. exd5 {[%clk 1:13:25]} Re8+ {[%clk 1:27:24]} 9. Be2
{[%clk 1:13:00]} Na6 {[%clk 1:26:47]} 10. O-O {[%clk 1:12:09]} c6
{[%clk 1:27:02]} 11. Bg5 {[%clk 0:57:57]} cxd5 {[%clk 1:26:34]} 12. cxd5
{[%clk 0:57:46]} Nc5 {[%clk 1:26:37]} 13. Bc4 {[%clk 0:42:46]} h6
{[%clk 1:14:00]} 14. Bh4 {[%clk 0:42:58]} Nce4 {[%clk 1:10:34]} 15. Nxe4
{[%clk 0:38:13]} Rxe4 {[%clk 1:09:56]} 16. Bd3 {[%clk 0:29:18]} Re8
{[%clk 1:09:50]} 17. Bf5 {[%clk 0:26:14]} Bf8 {[%clk 0:49:08]} 18. d6
{[%clk 0:20:05]} g6 {[%clk 0:47:01]} 19. Bc2 {[%clk 0:17:33]} Re6
{[%clk 0:33:36]} 20. Bg3 {[%clk 0:17:15]} Nh5 {[%clk 0:21:04]} 21. Nd4
{[%clk 0:17:07]} Re8 {[%clk 0:20:45]} 22. Nb5 {[%clk 0:13:23]} Ba6
{[%clk 0:12:44]} 23. a4 {[%clk 0:13:49]} Bg7 {[%clk 0:09:18]} 24. Bb3
{[%clk 0:11:34]} Qf6 {[%clk 0:09:10]} 25. Qd5 {[%clk 0:10:24]} Bxb5
{[%clk 0:06:42]} 26. axb5 {[%clk 0:10:48]} Rf8 {[%clk 0:06:03]} 27. Ra2
{[%clk 0:05:20]} Nf4 {[%clk 0:04:54]} 28. Bxf4 {[%clk 0:05:46]} Qxf4
{[%clk 0:05:20]} 29. g3 {[%clk 0:06:10]} Qf6 {[%clk 0:02:43]} 30. Rd1
{[%clk 0:05:40]} Rae8 {[%clk 0:02:25]} 31. Bc4 {[%clk 0:04:24]} Re6
{[%clk 0:00:48]} 32. Qd3 {[%clk 0:03:08]} Re5 {[%clk 0:00:39]} 33. Kg2
{[%clk 0:03:03]} Ra8 {[%clk 0:00:37]} 34. Qf3 {[%clk 0:01:39]} Qxf3+
{[%clk 0:00:41]} 35. Kxf3 {[%clk 0:02:08]} Bf8 {[%clk 0:00:35]} 36. g4
{[%clk 0:01:29]} Rc5 {[%clk 0:00:39]} 37. b3 {[%clk 0:01:42]} Kg7
{[%clk 0:00:40]} 38. h3 {[%clk 0:01:13]} Kf6 {[%clk 0:00:37]} 39. Rd4
{[%clk 0:00:59]} g5 {[%clk 0:00:41]} 40. Ke2 {[%clk 0:30:52]} Kg7
{[%clk 0:30:32]} 41. f4 {[%clk 0:12:14]} gxf4 {[%clk 0:25:42]} 42. Kd3
{[%clk 0:12:02]} f5 {[%clk 0:22:37]} 43. Rf2 {[%clk 0:08:35]} a5 {[%clk 0:18:15]}
44. Rdxf4 {[%clk 0:04:38]} Bxd6 {[%clk 0:17:24]} 45. Rd4 {[%clk 0:04:54]} Be7
{[%clk 0:14:19]} 46. Rxd7 {[%clk 0:05:17]} Rd8 {[%clk 0:14:36]} 47. Rxd8
{[%clk 0:04:53]} Bxd8 {[%clk 0:15:05]} 48. gxf5 {[%clk 0:04:16]} Kf6
{[%clk 0:15:26]} 49. Be6 {[%clk 0:03:15]} Rxb5 {[%clk 0:14:20]} 50. Rg2
{[%clk 0:03:29]} Ke5 {[%clk 0:11:41]} 51. Re2+ {[%clk 0:03:14]} Kf6
{[%clk 0:11:55]} 52. Rg2 {[%clk 0:01:51]} 1/2-1/2

[Event "High League 2022 women"]
[Site "Obninsk"]
[Date "2022.07.04"]
[Round "8.4"]
[White "Kovalevskaya, Ekaterina"]
[Black "Zhapova, Yana"]
[Result "1/2-1/2"]
[LiveChessVersion "1.4.7"]
[BlackElo "2204"]
[WhiteElo "2364"]

1. e4 {[%clk 1:30:49]} c6 {[%clk 1:30:52]} 2. d4 {[%clk 1:30:55]} d5
{[%clk 1:31:09]} 3. exd5 {[%clk 1:31:13]} cxd5 {[%clk 1:31:33]} 4. c4
{[%clk 1:31:37]} Nf6 {[%clk 1:31:37]} 5. Nc3 {[%clk 1:31:55]} Nc6
{[%clk 1:31:57]} 6. Nf3 {[%clk 1:31:59]} a6 {[%clk 1:31:59]} 7. c5
{[%clk 1:27:38]} Bg4 {[%clk 1:32:03]} 8. Be2 {[%clk 1:27:52]} g6 {[%clk 1:32:19]}
9. O-O {[%clk 1:27:36]} Bg7 {[%clk 1:32:33]} 10. Be3 {[%clk 1:27:55]} e6
{[%clk 1:31:59]} 11. b4 {[%clk 1:25:37]} O-O {[%clk 1:31:32]} 12. h3
{[%clk 1:25:57]} Bxf3 {[%clk 1:31:40]} 13. Bxf3 {[%clk 1:26:24]} h6
{[%clk 1:25:34]} 14. g3 {[%clk 1:21:33]} Nh7 {[%clk 1:20:31]} 15. Bg2
{[%clk 1:17:35]} Qf6 {[%clk 1:20:42]} 16. Ne2 {[%clk 1:17:51]} Ng5
{[%clk 1:20:45]} 17. f3 {[%clk 1:15:39]} Nxb4 {[%clk 1:17:18]} 18. Rb1
{[%clk 0:58:08]} Nc6 {[%clk 1:17:20]} 19. Rxb7 {[%clk 0:48:43]} Na5
{[%clk 1:11:46]} 20. Rb4 {[%clk 0:44:04]} Rad8 {[%clk 1:04:18]} 21. f4
{[%clk 0:25:43]} Nh7 {[%clk 1:03:58]} 22. Qa4 {[%clk 0:23:50]} Nc4
{[%clk 1:03:52]} 23. Rxc4 {[%clk 0:24:10]} dxc4 {[%clk 1:04:17]} 24. Qxa6
{[%clk 0:24:34]} Qe7 {[%clk 1:00:30]} 25. Qxc4 {[%clk 0:19:57]} Nf6
{[%clk 1:00:39]} 26. Nc3 {[%clk 0:20:16]} Nd5 {[%clk 0:57:43]} 27. Bf2
{[%clk 0:17:55]} Nxc3 {[%clk 0:35:43]} 28. Qxc3 {[%clk 0:18:20]} Qa7
{[%clk 0:34:11]} 29. Qc4 {[%clk 0:15:54]} Rb8 {[%clk 0:33:51]} 30. Rc1
{[%clk 0:12:28]} Rb2 {[%clk 0:31:16]} 31. Rc2 {[%clk 0:12:43]} Rxc2
{[%clk 0:26:36]} 32. Qxc2 {[%clk 0:13:11]} Rd8 {[%clk 0:26:54]} 33. Qc4
{[%clk 0:08:35]} Qd7 {[%clk 0:26:53]} 34. c6 {[%clk 0:04:50]} Qd6
{[%clk 0:27:09]} 35. Kh2 {[%clk 0:04:44]} Rb8 {[%clk 0:24:54]} 36. d5
{[%clk 0:01:22]} exd5 {[%clk 0:20:21]} 37. Qxd5 {[%clk 0:01:43]} Qxd5
{[%clk 0:17:55]} 38. Bxd5 {[%clk 0:02:11]} Bf8 {[%clk 0:18:10]} 39. a4
{[%clk 0:00:44]} Bd6 {[%clk 0:18:03]} 40. Bc4 {[%clk 0:30:39]} Rb2
{[%clk 0:45:21]} 41. Kg1 {[%clk 0:27:29]} Rc2 {[%clk 0:44:34]} 42. Bb5
{[%clk 0:27:31]} Bc5 {[%clk 0:44:26]} 43. Bxc5 {[%clk 0:27:39]} Rxc5
{[%clk 0:44:53]} 44. Kf2 {[%clk 0:14:53]} Kf8 {[%clk 0:45:16]} 45. Ke3
{[%clk 0:14:08]} Ke7 {[%clk 0:45:41]} 46. Kd4 {[%clk 0:13:45]} Kd6
{[%clk 0:46:05]} 47. Bc4 {[%clk 0:09:37]} f6 {[%clk 0:45:54]} 48. Bf7
{[%clk 0:08:51]} g5 {[%clk 0:45:58]} 49. Be8 {[%clk 0:05:38]} Ra5
{[%clk 0:45:48]} 50. c7 {[%clk 0:05:20]} Rc5 {[%clk 0:45:08]} 51. fxg5
{[%clk 0:03:20]} fxg5 {[%clk 0:45:19]} 52. h4 {[%clk 0:00:43]} gxh4
{[%clk 0:45:01]} 53. gxh4 {[%clk 0:01:12]} Rxc7 {[%clk 0:45:19]} 54. h5
{[%clk 0:01:10]} Rc5 {[%clk 0:45:22]} 55. Bf7 {[%clk 0:00:58]} Rf5
{[%clk 0:45:24]} 56. Be8 {[%clk 0:00:38]} Ke7 {[%clk 0:45:10]} 57. Bg6
{[%clk 0:00:35]} Ra5 {[%clk 0:45:16]} 58. Ke3 {[%clk 0:00:41]} Rxa4
{[%clk 0:45:33]} 59. Kf3 {[%clk 0:01:01]} Kf6 {[%clk 0:45:55]} 60. Kg3
{[%clk 0:01:17]} Kg5 {[%clk 0:45:34]} 61. Kf3 {[%clk 0:01:35]} Ra3+
{[%clk 0:45:05]} 62. Ke4 {[%clk 0:00:52]} Rh3 {[%clk 0:43:21]} 63. Bf7
{[%clk 0:00:48]} Rh4+ {[%clk 0:43:24]} 64. Ke3 {[%clk 0:01:02]} Rf4
{[%clk 0:43:38]} 65. Bg6 {[%clk 0:01:27]} Kg4 {[%clk 0:44:00]} 66. Ke2
{[%clk 0:01:15]} Rf3 {[%clk 0:44:14]} 67. Kd2 {[%clk 0:01:16]} Kf4
{[%clk 0:44:23]} 68. Ke2 {[%clk 0:01:37]} Rb3 {[%clk 0:43:48]} 69. Bf7
{[%clk 0:00:47]} Rb2+ {[%clk 0:43:15]} 70. Kd3 {[%clk 0:01:13]} Rb7
{[%clk 0:43:37]} 71. Bg6 {[%clk 0:01:38]} Re7 {[%clk 0:43:56]} 72. Kd2
{[%clk 0:01:20]} Kf3 {[%clk 0:44:17]} 73. Bf5 {[%clk 0:01:06]} Re5
{[%clk 0:43:48]} 74. Bg6 {[%clk 0:01:34]} Rd5+ {[%clk 0:43:49]} 75. Kc3
{[%clk 0:00:50]} Kf4 {[%clk 0:40:47]} 76. Kc4 {[%clk 0:01:10]} Ke5
{[%clk 0:41:11]} 77. Kc3 {[%clk 0:01:30]} Rd4 {[%clk 0:41:33]} 78. Kc2
{[%clk 0:01:42]} Kf4 {[%clk 0:41:46]} 79. Bf7 {[%clk 0:00:34]} Ke3
{[%clk 0:41:54]} 80. Bg6 {[%clk 0:00:46]} Rc4+ {[%clk 0:42:15]} 81. Kd1
{[%clk 0:00:48]} Rc3 {[%clk 0:41:17]} 82. Bf7 {[%clk 0:01:04]} Rd3+
{[%clk 0:40:47]} 83. Ke1 {[%clk 0:00:34]} Rd2 {[%clk 0:41:09]} 84. Bg6
{[%clk 0:00:58]} Rd4 {[%clk 0:38:24]} 85. Kf1 {[%clk 0:00:32]} Rg4
{[%clk 0:38:28]} 86. Be8 {[%clk 0:00:50]} Rg3 {[%clk 0:37:30]} 87. Bg6
{[%clk 0:01:02]} Rg5 {[%clk 0:37:38]} 88. Be8 {[%clk 0:01:22]} Kf3
{[%clk 0:38:00]} 89. Bg6 {[%clk 0:00:59]} Re5 {[%clk 0:38:18]} 90. Kg1
{[%clk 0:00:41]} Kg3 {[%clk 0:37:46]} 91. Kf1 {[%clk 0:01:06]} Re7
{[%clk 0:37:58]} 92. Bc2 {[%clk 0:01:08]} Re6 {[%clk 0:38:19]} 93. Bd3
{[%clk 0:01:13]} Re8 {[%clk 0:37:15]} 94. Bc2 {[%clk 0:01:18]} Re3
{[%clk 0:37:35]} 95. Bh7 {[%clk 0:01:36]} Kf3 {[%clk 0:37:47]} 96. Bg6
{[%clk 0:01:45]} Re7 {[%clk 0:38:01]} 97. Kg1 {[%clk 0:01:27]} Ra7
{[%clk 0:38:11]} 98. Kh2 {[%clk 0:01:36]} Ra1 {[%clk 0:37:59]} 99. Bf7
{[%clk 0:01:46]} Kf2 {[%clk 0:37:48]} 100. Bg6 {[%clk 0:01:21]} Ra5
{[%clk 0:38:07]} 101. Kh3 {[%clk 0:00:49]} Ra4 {[%clk 0:38:30]} 102. Be8
{[%clk 0:00:52]} Rd4 {[%clk 0:38:48]} 103. Bg6 {[%clk 0:01:11]} Kf3
{[%clk 0:39:10]} 104. Be8 {[%clk 0:01:20]} Rc4 {[%clk 0:39:27]} 105. Bf7
{[%clk 0:01:26]} Rc1 {[%clk 0:39:41]} 106. Kh2 {[%clk 0:01:25]} Kg4
{[%clk 0:40:07]} 107. Bg6 {[%clk 0:01:29]} Rc5 {[%clk 0:40:25]} 108. Kg2
{[%clk 0:01:42]} Ra5 {[%clk 0:40:44]} 1/2-1/2

[Event "High League 2022 women"]
[Site "Obninsk"]
[Date "2022.07.04"]
[Round "8.5"]
[White "Filippova, Margarita"]
[Black "Voit, Daria"]
[Result "1/2-1/2"]
[LiveChessVersion "1.4.7"]
[BlackElo "2317"]
[WhiteElo "1955"]

1. d4 {[%clk 1:30:57]} d5 {[%clk 1:28:26]} 2. Nf3 {[%clk 1:31:22]} Nf6
{[%clk 1:28:47]} 3. c4 {[%clk 1:31:47]} e6 {[%clk 1:29:10]} 4. Nc3
{[%clk 1:32:14]} dxc4 {[%clk 1:29:34]} 5. e3 {[%clk 1:32:22]} a6 {[%clk 1:29:51]}
6. Bxc4 {[%clk 1:32:44]} b5 {[%clk 1:30:18]} 7. Bd3 {[%clk 1:31:21]} Bb7
{[%clk 1:29:25]} 8. O-O {[%clk 1:30:34]} Nbd7 {[%clk 1:29:37]} 9. Qe2
{[%clk 1:28:34]} c5 {[%clk 1:29:56]} 10. Rd1 {[%clk 1:26:12]} Bd6
{[%clk 1:30:02]} 11. dxc5 {[%clk 1:21:50]} Bxc5 {[%clk 1:29:36]} 12. a3
{[%clk 1:20:44]} Rc8 {[%clk 1:29:51]} 13. h3 {[%clk 1:20:03]} O-O
{[%clk 1:28:33]} 14. e4 {[%clk 1:19:37]} Qc7 {[%clk 1:19:59]} 15. Be3
{[%clk 1:16:00]} Nh5 {[%clk 1:19:43]} 16. Bc2 {[%clk 1:03:43]} Nb6
{[%clk 1:14:53]} 17. Nd4 {[%clk 0:58:40]} Nf4 {[%clk 1:12:25]} 18. Qg4
{[%clk 0:55:00]} Ng6 {[%clk 1:10:07]} 19. Bb3 {[%clk 0:50:59]} Ne5
{[%clk 1:06:34]} 20. Qg3 {[%clk 0:46:28]} Nec4 {[%clk 1:06:15]} 21. Bf4
{[%clk 0:45:46]} Qe7 {[%clk 1:02:02]} 22. e5 {[%clk 0:37:06]} Kh8
{[%clk 0:59:02]} 23. Rab1 {[%clk 0:34:12]} Rfd8 {[%clk 0:56:31]} 24. Nf3
{[%clk 0:33:16]} Rxd1+ {[%clk 0:45:22]} 25. Bxd1 {[%clk 0:33:24]} Nd5
{[%clk 0:20:50]} 26. Ne4 {[%clk 0:27:28]} Bb6 {[%clk 0:19:27]} 27. Nd6
{[%clk 0:26:26]} Nxd6 {[%clk 0:14:17]} 28. exd6 {[%clk 0:26:53]} Qf8
{[%clk 0:14:26]} 29. Ne5 {[%clk 0:21:42]} f6 {[%clk 0:11:22]} 30. Nd7
{[%clk 0:19:48]} Qd8 {[%clk 0:11:42]} 31. Nxb6 {[%clk 0:20:13]} Nxb6
{[%clk 0:07:45]} 32. Bg4 {[%clk 0:16:09]} Bd5 {[%clk 0:07:33]} 33. Re1
{[%clk 0:14:35]} Qe8 {[%clk 0:05:41]} 34. Qe3 {[%clk 0:13:10]} Nc4
{[%clk 0:05:44]} 35. Qe2 {[%clk 0:11:04]} Rd8 {[%clk 0:04:00]} 36. Bxe6
{[%clk 0:08:52]} Bxe6 {[%clk 0:04:13]} 37. Qxe6 {[%clk 0:09:18]} Qxe6
{[%clk 0:04:30]} 38. Rxe6 {[%clk 0:09:44]} Kg8 {[%clk 0:04:55]} 39. b3
{[%clk 0:08:11]} Nxa3 {[%clk 0:02:56]} 40. Re7 {[%clk 0:37:55]} Kf8
{[%clk 0:33:23]} 41. Ra7 {[%clk 0:37:54]} Nc2 {[%clk 0:33:45]} 42. Rxa6
{[%clk 0:34:07]} Nb4 {[%clk 0:31:07]} 43. Ra7 {[%clk 0:32:22]} Nd3
{[%clk 0:31:00]} 44. Bg3 {[%clk 0:29:55]} Nc1 {[%clk 0:25:34]} 45. Rb7
{[%clk 0:30:11]} Nxb3 {[%clk 0:25:43]} 46. Rxb5 {[%clk 0:30:35]} Nd4
{[%clk 0:26:00]} 47. Rb6 {[%clk 0:30:18]} Ne2+ {[%clk 0:24:42]} 48. Kh2
{[%clk 0:30:44]} Nxg3 {[%clk 0:24:28]} 49. Kxg3 {[%clk 0:31:10]} Kf7
{[%clk 0:19:41]} 50. f4 {[%clk 0:31:03]} Ke6 {[%clk 0:18:54]} 51. Kf3
{[%clk 0:29:48]} 1/2-1/2

[Event "High League 2022 women"]
[Site "Obninsk"]
[Date "2022.07.04"]
[Round "8.6"]
[White "Borisova, Ekaterina"]
[Black "Bodnaruk, Anastasia"]
[Result "0-1"]
[LiveChessVersion "1.4.7"]
[BlackElo "2390"]
[WhiteElo "2233"]

1. d4 {[%clk 1:30:58]} Nf6 {[%clk 1:30:50]} 2. c4 {[%clk 1:31:24]} g6
{[%clk 1:31:11]} 3. Nc3 {[%clk 1:31:49]} Bg7 {[%clk 1:31:37]} 4. e4
{[%clk 1:32:15]} d6 {[%clk 1:32:04]} 5. f3 {[%clk 1:32:42]} O-O {[%clk 1:32:06]}
6. Be3 {[%clk 1:33:08]} c5 {[%clk 1:30:57]} 7. Nge2 {[%clk 1:33:32]} Nc6
{[%clk 1:31:14]} 8. d5 {[%clk 1:33:57]} Na5 {[%clk 1:31:24]} 9. Ng3
{[%clk 1:34:21]} a6 {[%clk 1:30:50]} 10. Qd2 {[%clk 1:34:45]} b5 {[%clk 1:26:54]}
11. Bh6 {[%clk 1:35:08]} Nxc4 {[%clk 1:18:21]} 12. Bxc4 {[%clk 1:35:32]} bxc4
{[%clk 1:18:49]} 13. O-O-O {[%clk 1:35:18]} Re8 {[%clk 1:06:52]} 14. Bxg7
{[%clk 1:35:37]} Kxg7 {[%clk 1:07:20]} 15. h4 {[%clk 1:30:24]} h5
{[%clk 1:05:48]} 16. Nge2 {[%clk 1:22:02]} Rh8 {[%clk 0:56:43]} 17. g4
{[%clk 1:15:20]} hxg4 {[%clk 0:53:48]} 18. f4 {[%clk 1:15:22]} Rh6
{[%clk 0:40:21]} 19. f5 {[%clk 0:49:15]} gxf5 {[%clk 0:34:10]} 20. exf5
{[%clk 0:49:02]} Bxf5 {[%clk 0:29:25]} 21. Qg5+ {[%clk 0:47:37]} Bg6
{[%clk 0:29:51]} 22. Ng3 {[%clk 0:47:45]} Kh7 {[%clk 0:19:51]} 23. h5
{[%clk 0:36:11]} Bd3 {[%clk 0:20:14]} 24. Rde1 {[%clk 0:29:55]} Qd7
{[%clk 0:16:22]} 25. Re3 {[%clk 0:28:43]} e6 {[%clk 0:15:01]} 26. Rhe1
{[%clk 0:18:46]} Rg8 {[%clk 0:12:18]} 27. dxe6 {[%clk 0:18:36]} fxe6
{[%clk 0:09:30]} 28. Qh4 {[%clk 0:18:59]} e5 {[%clk 0:08:55]} 29. b3
{[%clk 0:19:25]} Qe6 {[%clk 0:06:40]} 30. bxc4 {[%clk 0:19:14]} Qxc4
{[%clk 0:05:32]} 31. Kd2 {[%clk 0:19:37]} Rb8 {[%clk 0:01:35]} 32. Rc1
{[%clk 0:17:22]} Rb2+ {[%clk 0:01:17]} 33. Kd1 {[%clk 0:17:48]} Qd4
{[%clk 0:00:56]} 34. Qg5 {[%clk 0:17:33]} Be4+ {[%clk 0:01:07]} 0-1

[Event "High League 2022 women"]
[Site "Obninsk"]
[Date "2022.07.04"]
[Round "8.7"]
[White "Potapova, Margarita"]
[Black "Guseva, Marina"]
[Result "0-1"]
[LiveChessVersion "1.4.7"]
[BlackElo "2377"]
[WhiteElo "2216"]

1. d4 {[%clk 1:30:57]} Nf6 {[%clk 1:30:56]} 2. c4 {[%clk 1:31:18]} e6
{[%clk 1:31:23]} 3. Nc3 {[%clk 1:31:18]} Bb4 {[%clk 1:31:48]} 4. f3
{[%clk 1:31:30]} c5 {[%clk 1:32:01]} 5. d5 {[%clk 1:31:46]} b5 {[%clk 1:32:26]}
6. e4 {[%clk 1:32:01]} d6 {[%clk 1:32:52]} 7. Nge2 {[%clk 1:32:02]} bxc4
{[%clk 1:32:57]} 8. Nf4 {[%clk 1:32:03]} e5 {[%clk 1:33:22]} 9. Nfe2
{[%clk 1:32:28]} Nbd7 {[%clk 1:33:47]} 10. Ng3 {[%clk 1:32:29]} Nb6
{[%clk 1:34:12]} 11. Be2 {[%clk 1:32:46]} Ng8 {[%clk 1:34:29]} 12. O-O
{[%clk 1:31:11]} Ne7 {[%clk 1:34:55]} 13. f4 {[%clk 1:31:16]} exf4
{[%clk 1:34:21]} 14. Bxf4 {[%clk 1:31:37]} Bxc3 {[%clk 1:26:14]} 15. bxc3
{[%clk 1:31:51]} Ng6 {[%clk 1:26:30]} 16. Bxc4 {[%clk 0:55:17]} O-O
{[%clk 1:26:30]} 17. Bb5 {[%clk 0:52:07]} Nxf4 {[%clk 1:26:52]} 18. Rxf4
{[%clk 0:52:31]} Qg5 {[%clk 1:27:14]} 19. Qf3 {[%clk 0:45:12]} Qe5
{[%clk 1:06:24]} 20. Rf1 {[%clk 0:37:12]} f6 {[%clk 1:06:49]} 21. h4
{[%clk 0:35:31]} Rb8 {[%clk 1:02:26]} 22. h5 {[%clk 0:32:15]} h6 {[%clk 1:02:52]}
23. Nf5 {[%clk 0:25:45]} a6 {[%clk 1:03:03]} 24. Bc6 {[%clk 0:23:59]} Nc4
{[%clk 0:38:59]} 25. Qd3 {[%clk 0:20:49]} Nb2 {[%clk 0:37:57]} 26. Qg3
{[%clk 0:15:46]} Bxf5 {[%clk 0:36:09]} 27. exf5 {[%clk 0:16:12]} Qe7
{[%clk 0:32:06]} 28. Re1 {[%clk 0:15:06]} Qf7 {[%clk 0:32:33]} 29. Qh3
{[%clk 0:06:42]} c4 {[%clk 0:32:20]} 30. Rfe4 {[%clk 0:05:37]} Nd3
{[%clk 0:28:50]} 31. Re7 {[%clk 0:03:46]} Rb1 {[%clk 0:20:56]} 32. Rxb1
{[%clk 0:03:33]} Qxe7 {[%clk 0:21:22]} 33. Qg3 {[%clk 0:03:16]} Qa7+
{[%clk 0:18:54]} 34. Kh2 {[%clk 0:03:09]} Rb8 {[%clk 0:19:19]} 35. Rxb8+
{[%clk 0:01:37]} Qxb8 {[%clk 0:19:44]} 36. Bd7 {[%clk 0:00:34]} Ne5
{[%clk 0:19:10]} 37. Be6+ {[%clk 0:00:57]} Kf8 {[%clk 0:19:19]} 38. Qf4
{[%clk 0:00:41]} Qb2 {[%clk 0:18:21]} 39. Qg3 {[%clk 0:00:52]} Qxa2
{[%clk 0:18:20]} 40. Kh3 {[%clk 0:31:05]} Qe2 {[%clk 0:43:58]} 41. Kh2
{[%clk 0:28:47]} a5 {[%clk 0:39:21]} 42. Qf4 {[%clk 0:28:18]} Ng4+
{[%clk 0:31:49]} 43. Kg3 {[%clk 0:27:25]} Qe3+ {[%clk 0:31:19]} 44. Qxe3
{[%clk 0:25:50]} Nxe3 {[%clk 0:31:45]} 45. Bd7 {[%clk 0:25:56]} Nxd5
{[%clk 0:32:04]} 46. Bb5 {[%clk 0:26:12]} Nxc3 {[%clk 0:32:16]} 47. Bxc4
{[%clk 0:26:39]} d5 {[%clk 0:32:27]} 0-1

[Event "High League 2022 women"]
[Site "Obninsk"]
[Date "2022.07.04"]
[Round "8.8"]
[White "Kovanova, Baira"]
[Black "Fominykh, Maria"]
[Result "1-0"]
[LiveChessVersion "1.4.7"]
[BlackElo "2219"]
[WhiteElo "2317"]

1. c4 {[%clk 1:30:58]} Nf6 {[%clk 1:30:03]} 2. Nc3 {[%clk 1:31:13]} e5
{[%clk 1:24:51]} 3. g3 {[%clk 1:31:22]} Nc6 {[%clk 1:21:04]} 4. Bg2
{[%clk 1:31:46]} g6 {[%clk 1:20:47]} 5. e3 {[%clk 1:31:17]} Bg7 {[%clk 1:20:44]}
6. Nge2 {[%clk 1:31:41]} O-O {[%clk 1:20:54]} 7. O-O {[%clk 1:30:56]} d6
{[%clk 1:20:07]} 8. d4 {[%clk 1:29:21]} Bd7 {[%clk 1:10:41]} 9. h3
{[%clk 1:27:31]} a6 {[%clk 1:05:30]} 10. b3 {[%clk 1:24:40]} Rb8 {[%clk 1:04:21]}
11. Bb2 {[%clk 1:20:57]} b5 {[%clk 1:01:54]} 12. cxb5 {[%clk 1:17:36]} axb5
{[%clk 1:02:23]} 13. e4 {[%clk 1:10:16]} Qc8 {[%clk 0:58:39]} 14. d5
{[%clk 1:05:25]} Nd4 {[%clk 0:53:38]} 15. Nxd4 {[%clk 0:59:43]} exd4
{[%clk 0:53:58]} 16. Ne2 {[%clk 0:58:10]} Bxh3 {[%clk 0:53:03]} 17. Nxd4
{[%clk 0:54:16]} Bd7 {[%clk 0:50:39]} 18. Rc1 {[%clk 0:50:29]} Re8
{[%clk 0:46:01]} 19. Qc2 {[%clk 0:49:10]} Qa6 {[%clk 0:41:44]} 20. a3
{[%clk 0:46:36]} Rbc8 {[%clk 0:35:15]} 21. Rfe1 {[%clk 0:42:32]} Qb6
{[%clk 0:30:17]} 22. Qd2 {[%clk 0:33:41]} Ng4 {[%clk 0:24:07]} 23. Rc2
{[%clk 0:29:12]} h5 {[%clk 0:13:16]} 24. Ra1 {[%clk 0:23:22]} Bh6
{[%clk 0:11:11]} 25. Qc3 {[%clk 0:23:22]} Bg7 {[%clk 0:10:28]} 26. Qd3
{[%clk 0:22:05]} Ne5 {[%clk 0:08:30]} 27. Qd2 {[%clk 0:21:33]} Kh7
{[%clk 0:06:23]} 28. Nf3 {[%clk 0:19:17]} Nxf3+ {[%clk 0:05:48]} 29. Bxf3
{[%clk 0:19:44]} Bxb2 {[%clk 0:04:07]} 30. Rxb2 {[%clk 0:19:05]} c5
{[%clk 0:04:19]} 31. Kg2 {[%clk 0:13:50]} c4 {[%clk 0:04:02]} 32. bxc4
{[%clk 0:10:49]} Rxc4 {[%clk 0:04:30]} 33. a4 {[%clk 0:11:00]} b4
{[%clk 0:03:17]} 34. Rab1 {[%clk 0:07:39]} Rb8 {[%clk 0:02:50]} 35. Qf4
{[%clk 0:07:20]} Kg7 {[%clk 0:02:50]} 36. a5 {[%clk 0:05:05]} Qc5
{[%clk 0:03:01]} 37. Rh1 {[%clk 0:04:55]} Qd4 {[%clk 0:02:25]} 38. Qxd6
{[%clk 0:03:40]} Rd8 {[%clk 0:02:30]} 39. Qe7 {[%clk 0:03:02]} Rdc8
{[%clk 0:01:56]} 40. Re2 {[%clk 0:32:53]} R8c7 {[%clk 0:31:42]} 41. Qd6
{[%clk 0:29:05]} b3 {[%clk 0:11:20]} 42. e5 {[%clk 0:25:06]} Bg4 {[%clk 0:04:48]}
43. Qf6+ {[%clk 0:21:53]} Kg8 {[%clk 0:05:14]} 44. Bxg4 {[%clk 0:10:58]} Qxg4
{[%clk 0:05:41]} 45. Re3 {[%clk 0:10:35]} Qd4 {[%clk 0:02:32]} 46. d6
{[%clk 0:10:00]} Rc8 {[%clk 0:00:41]} 47. Rxb3 {[%clk 0:06:22]} Qd5+
{[%clk 0:00:59]} 48. Rf3 {[%clk 0:05:53]} Re4 {[%clk 0:00:52]} 49. Rb1
{[%clk 0:04:45]} Rxe5 {[%clk 0:00:59]} 50. d7 {[%clk 0:05:02]} Rf8
{[%clk 0:00:52]} 51. Rb5 {[%clk 0:04:10]} Qxb5 {[%clk 0:00:54]} 52. d8=Q
{[%clk 0:04:37]} Rxd8 {[%clk 0:01:13]} 53. Qxf7+ {[%clk 0:04:39]} Kh8
{[%clk 0:01:42]} 54. Qf6+ {[%clk 0:05:02]} Kh7 {[%clk 0:01:51]} 55. Qxd8
{[%clk 0:05:29]} Qc6 {[%clk 0:00:51]} 56. Qb6 {[%clk 0:03:01]} Qe4
{[%clk 0:00:40]} 57. a6 {[%clk 0:01:55]} Re7 {[%clk 0:00:40]} 58. Qe3
{[%clk 0:01:14]} Qxe3 {[%clk 0:00:38]} 59. Rxe3 {[%clk 0:01:37]} Ra7
{[%clk 0:00:55]} 60. Ra3 {[%clk 0:01:11]} g5 {[%clk 0:00:45]} 61. Ra5
{[%clk 0:00:57]} Kg6 {[%clk 0:00:51]} 62. f4 {[%clk 0:01:10]} gxf4
{[%clk 0:00:32]} 63. gxf4 {[%clk 0:01:38]} Ra8 {[%clk 0:00:32]} 64. a7
{[%clk 0:01:48]} Kf6 {[%clk 0:00:37]} 65. Kh3 {[%clk 0:02:12]} Kg7
{[%clk 0:00:46]} 66. Kh4 {[%clk 0:02:35]} Kg6 {[%clk 0:01:07]} 67. f5+
{[%clk 0:02:32]} Kf6 {[%clk 0:00:42]} 68. Kxh5 {[%clk 0:02:59]} Rh8+
{[%clk 0:00:37]} 69. Kg4 {[%clk 0:03:27]} Rg8+ {[%clk 0:00:34]} 70. Kf4
{[%clk 0:03:55]} Ra8 {[%clk 0:00:58]} 71. Ra6+ {[%clk 0:04:20]} Kf7
{[%clk 0:01:13]} 72. Ke5 {[%clk 0:04:20]} Ke7 {[%clk 0:01:13]} 73. f6+
{[%clk 0:04:14]} Kd7 {[%clk 0:01:03]} 74. f7 {[%clk 0:03:41]} Ke7
{[%clk 0:01:09]} 75. f8=Q+ {[%clk 0:04:00]} Kxf8 {[%clk 0:00:40]} 76. Kd6
{[%clk 0:04:25]} Kg7 {[%clk 0:00:31]} 77. Kc7 {[%clk 0:04:49]} 1-0